| 000 | 00673nam a22002417a 4500 | ||
|---|---|---|---|
| 003 | UA-OsUOA | ||
| 001 | 64100 | ||
| 007 | ta | ||
| 008 | 20091029b un ||||| |||| 00| 0 ukr d | ||
| 100 | _aУшаков Д. Н. | ||
| 700 | _aКрючков С. Е. | ||
| 090 |
_a81'35(038) _bУ93 |
||
| 942 | _cBK | ||
| 040 |
_aUA-OsUOA _bukr _cUA-OsUOA _dUA-OsUOA |
||
| 245 | _aОрфографический словарь | ||
| 300 | _a190 с. | ||
| 955 | _a2 | ||
| 041 | _aukr | ||
| 080 | _a81'35(038) | ||
| 260 |
_aМ. _c1952 |
||
| 650 | 7 |
_a8 Мовознавство. Художня література. Літературознавство _2UDC |
|
| 999 |
_c350351 _d350351 |
||